00458nam a22001697a 4500003000400000008004100004082002000045245004400065250001200109260008800121300000900209650002000218650001400238650001600252650001000268650001000278OSt251118b |||||||| |||| 00| 0 eng d a338.10223bS47I aIndian Agricultural Atlascby S. R. Sen a2nd ed. a.- Indiab: Economic and Statistical Adviser Ministry of Food & Agriculturec, 1958 a60p. aSocial Sciences aEconomics aAgriculture aAtlas aIndia